| 000 | 00691nam a2200193Ia 4500 | ||
|---|---|---|---|
| 008 | 090123s9999 xx 000 0 und d | ||
| 082 |
_b23546 _a891.463/चेस |
||
| 100 | _aजेम्स हॅडले चेस | ||
| 245 | _aअशाच एका काळरात्री | ||
| 250 | _a1 | ||
| 260 |
_bनिशीगंध प्रकाशन _c1994 |
||
| 300 | _a168 | ||
| 600 | _aजेम्स हॅडले चेस | ||
| 630 | _aअशाच एका काळरात्री | ||
| 700 | _aगुजर अनिल | ||
| 700 | _aजेम्स हॅडले चेस | ||
| 730 | _aअशाच एका काळरात्री | ||
| 942 | _cBOOK | ||
| 999 |
_c61617 _d61617 |
||